| 000 | 00899nam a2200241 a 4500 | ||
|---|---|---|---|
| 001 | 000015472 | ||
| 005 | 20241130074013.0 | ||
| 008 | 100210s2005 dr 001 e spa d | ||
| 020 | _a9945405152 | ||
| 040 |
_aDO-SdBNP _bspa _cBNPHU |
||
| 082 |
_aRD864.44 _bP438L |
||
| 100 | 1 |
_aPérez, Odalís _d1952- _923828 |
|
| 245 | 1 | 0 |
_aLiteratura dominicana y memoria cultural : _britmos y tiempos de la alteridad / _cOdalís G. Pérez. |
| 260 |
_aSanto Domingo : _bManatí, _c2005. |
||
| 300 |
_a356 p. ; _c23 cm. |
||
| 500 | _aIncluye datos biográficos del autor en las solapas de la cubierta. | ||
| 504 | _aBibliografía: p. 337-350 | ||
| 590 | _aInventariado, 2020/LP | ||
| 650 | 0 |
_aEnsayos dominicanos _965 |
|
| 650 | 4 |
_aCultura _zRepública Dominicana _vENSAYOS, CONFERENCIAS, ETC. _92200 |
|
| 650 | 4 |
_aLiteratura dominicana _xHistoria y crítica _9159 |
|
| 910 | _aValidado. Control de calidad EMS. | ||
| 999 |
_c15028 _d15028 |
||